| Tag |
First Indicator |
Second Indicator |
Subfields |
| LEADER |
00000pam a2200000 a 4500 |
| 001 |
in00000072705 |
| 005 |
20151008054610.0 |
| 008 |
810108s1981 cau b 00100 engm |
| 010 |
|
|
|a 81000006
|
| 020 |
|
|
|a 0520044320
|
| 035 |
|
|
|a (OCoLC)07197161
|
| 035 |
|
|
|9 AAJ1125AM
|
| 040 |
|
|
|a DLC
|c DLC
|d m.c.
|d TXA
|d UtOrBLW
|
| 049 |
|
|
|a TXAM
|c [951752]
|
| 050 |
0 |
0 |
|a HV713
|b .C3819
|
| 060 |
|
0 |
|a WA 320 C534015
|
| 082 |
0 |
|
|a 362.7/044
|2 19
|
| 245 |
0 |
0 |
|a Child abuse and neglect :
|b cross-cultural perspectives /
|c edited by Jill E. Korbin ; with forewords by Robert B. Edgerton and C. Henry Kempe.
|
| 264 |
|
1 |
|a Berkeley :
|b University of California Press,
|c [1981]
|
| 264 |
|
4 |
|c ©1981
|
| 300 |
|
|
|a xiv, 217 pages ;
|c 24 cm.
|
| 336 |
|
|
|a text
|b txt
|2 rdacontent
|
| 337 |
|
|
|a unmediated
|b n
|2 rdamedia
|
| 338 |
|
|
|a volume
|b nc
|2 rdacarrier
|
| 504 |
|
|
|a Includes bibliographies and index.
|
| 650 |
|
0 |
|a Child abuse.
|
| 650 |
|
2 |
|a Child Abuse.
|
| 650 |
|
2 |
|a Cross-Cultural Comparison.
|
| 700 |
1 |
|
|a Korbin, Jill E.
|
| 999 |
|
|
|a MARS
|
| 999 |
f |
f |
|s 7f4b2650-0e76-3583-82f2-2740b393bc9a
|i 30cd8fa6-950e-3548-97a7-8c11796f082f
|t 0
|
| 952 |
f |
f |
|p ric
|a Texas A&M University
|b Rellis Campus
|c Joint Library Facility
|d Remote Storage
|t 0
|e HV713 .C3819
|h Library of Congress classification
|i unmediated -- volume
|m A14806462964
|
| 998 |
f |
f |
|a HV713 .C3819
|t 0
|l Remote Storage
|